MARC details
| 000 -LEADER |
| fixed length control field |
00840nam a22002297a 4500 |
| 003 - CONTROL NUMBER IDENTIFIER |
| control field |
OSt |
| 008 - FIXED-LENGTH DATA ELEMENTS--GENERAL INFORMATION |
| fixed length control field |
260629b |||||||| |||| 00| 0 eng d |
| 020 ## - INTERNATIONAL STANDARD BOOK NUMBER |
| International Standard Book Number |
9781668467091 |
| 082 ## - DEWEY DECIMAL CLASSIFICATION NUMBER |
| Classification number |
659.144 |
| Item number |
I43R |
| 100 ## - MAIN ENTRY--PERSONAL NAME |
| Personal name |
IRMA |
| 245 ## - TITLE STATEMENT |
| Title |
Research Anthology on Social Media Advertising and Building Consumer Relationships / |
| Statement of responsibility, etc. |
by Information Resources Management Association |
| 260 ## - PUBLICATION, DISTRIBUTION, ETC. (IMPRINT) |
| Place of publication, distribution, etc |
.- USA |
| Name of publisher, distributor, etc |
: IGI Global |
| Date of publication, distribution, etc |
, 2022 |
| 300 ## - PHYSICAL DESCRIPTION |
| Extent |
vol.- I, (xxvii,494); vol.- II, (xxvii,495-986); vol.- III, (xxvii,987-1500); vol.- IV, (xxvii,1501-2012)p. |
| 365 ## - TRADE PRICE |
| Price note |
4vol. set price- 182549.00 |
| 650 ## - SUBJECT ADDED ENTRY--TOPICAL TERM |
| Topical term or geographic name as entry element |
Technology (Applied Sciences) |
| 650 ## - SUBJECT ADDED ENTRY--TOPICAL TERM |
| Topical term or geographic name as entry element |
Management and Auxiliary Services |
| 650 ## - SUBJECT ADDED ENTRY--TOPICAL TERM |
| Topical term or geographic name as entry element |
Internet Advertising |
| 650 ## - SUBJECT ADDED ENTRY--TOPICAL TERM |
| Topical term or geographic name as entry element |
Internet Marketing |
| 650 ## - SUBJECT ADDED ENTRY--TOPICAL TERM |
| Topical term or geographic name as entry element |
Social Media Advertising |
| 650 ## - SUBJECT ADDED ENTRY--TOPICAL TERM |
| Topical term or geographic name as entry element |
Consumer Relationships |
| 942 ## - ADDED ENTRY ELEMENTS (KOHA) |
| Source of classification or shelving scheme |
|
| Koha item type |
Books |